| 000 | 00923nam a22002417a 4500 | ||
|---|---|---|---|
| 999 |
_c6904 _d6904 |
||
| 003 | AR-CdUCM | ||
| 008 | 190319b ||||| |||| 00| 0 spa d | ||
| 040 |
_aMUNICIPALIDAD PROVINCIAL DEL CUSCO _cBIBLIOTECA MUNICIPAL DEL CUSCO |
||
| 082 |
_a338.9 / _bK98 |
||
| 100 |
_aKuznets, Simon _912227 |
||
| 245 | _aCrecimiento económico de posguerra / | ||
| 260 |
_aMexico : _bUteha, _c1965. |
||
| 300 |
_a181 páginas ; _c18 cm. |
||
| 440 |
_aManuales Uteha - Economía _n220/220a _919454 |
||
| 505 | _aEstructura económica mundial: diversidad e interdependencias -- Características del desarrollo económico moderno -- las consecuencias de la segunda guerra mundial... | ||
| 650 |
_aDesarrollo económico. _91696 |
||
| 650 |
_aSegunda guerra mundial. _93486 |
||
| 650 |
_aEstructura económica. _95332 |
||
| 650 |
_aEconomía. _9382 |
||
| 700 |
_aContin, Agustin (traductor) _919455 |
||
| 942 |
_2ddc _cLIBROS |
||
| 945 | _awfj | ||